Statistics for steers bairns

Click here to take the quiz!

General Stats

  • This quiz has been taken 8 times
  • The average score is 10 of 18

Answer Stats

bairnsteachershonorable mentions% Correct
aidan
100%
jamesmrs eaton
100%
pierce
100%
zak
100%
ben
67%
daniel smith
67%
eli
67%
jeffery
67%
oliver
67%
tambi
67%
christianmr thompsonjosh
33%
donmrs glover
33%
harry
33%
kuturi
33%
robbie
33%
sonnymr wallace
33%
will
33%
daniel crawfordmr phillipsmax
0%

Score Distribution

Percentile by Number Answered

Percent of People with Each Score

Your Score History

You have not taken this quiz